[Event "2006 Standard Chess Dropout Tournament, Round 1"]
[Site "SchemingMind.com"]
[Date "2005.11.24"]
[Round "1"]
[White "Masticore99"]
[Black "naughtypawn"]
[Result "0-1"]
[WhiteCountry "USA"]
[BlackCountry "ESP"]
[WhiteElo "1507"]
[WhiteRD "85"]
[BlackElo "1886"]
[BlackRD "103"]
[GameID "31011"]

1. e4 e5 2. Nf3 Nc6 3. Bb5 a6 4. Bxc6 dxc6 5. O-O f6 6. Nc3 Bg4 7. h3 Bh5 8. g4 Bf7 9. d4 Bd6 10. dxe5 fxe5
11. Bg5 Nf6 12. Qe2 h5 13. Rad1 Qe7 14. a4 hxg4 15. hxg4 Qe6 16. Nh2 O-O-O 17. Bxf6 gxf6 18. b4 Rh7 19. b5 Rdh8 20. f3 Rxh2
21. Qxh2 Rxh2 22. Kxh2 Qc4 23. Rd3 cxb5 24. axb5 axb5 25. Rf2 b4 26. Nd5 Bxd5 27. Rxd5 Bc5 28. Rfd2 Bd4 29. Kg3 Qf1 30. Ra5 Qe1+
0-1

[Event "2006 Standard Chess Dropout Tournament, Round 1"]
[Site "SchemingMind.com"]
[Date "2005.11.21"]
[Round "1"]
[White "Mel"]
[Black "PANDURANGAIAH"]
[Result "1-0"]
[WhiteCountry "USA"]
[BlackCountry "INT"]
[WhiteElo "1463"]
[WhiteRD "95"]
[BlackElo "1129"]
[BlackRD "141"]
[GameID "31012"]

1. e4 e5 2. Bc4 Nf6 3. Qe2 d6 4. Nc3 a6 5. Nf3 Be7 6. O-O O-O 7. d3 h6 8. h3 Nc6 9. a3 Bd7 10. Qe3 Re8
11. d4 exd4 12. Nxd4 Nxd4 13. Qxd4 Be6 14. Bf4 Bxc4 15. Qxc4 Rc8 16. Rad1 Nd7 17. e5 Nb6 18. Qb3 Rf8 19. e6 fxe6 20. Qxe6+ Kh8
21. Qg4 Qd7 22. Nd5 Qxg4 23. hxg4 Nxd5 24. g3 Nxf4 25. gxf4 Bf6 26. c3 Rfe8 27. Kg2 Re2 28. Rb1 Rce8 29. Rh1 Kg8 30. Rh5 Rc2
31. g5 hxg5 32. fxg5 Bd8 33. Kg3 Ree2 34. Rbh1 Kf7 35. f4 Rxb2 36. f5 Rg2+ 37. Kh4 Rh2+ 38. Kg4 Rxh1 39. g6+ Kf6 40. Rxh1 Rb3
41. Re1
1-0

[Event "2006 Standard Chess Dropout Tournament, Round 1"]
[Site "SchemingMind.com"]
[Date "2005.11.21"]
[Round "1"]
[White "mick"]
[Black "nodakindy"]
[Result "1-0"]
[WhiteCountry "USA"]
[BlackCountry "USA"]
[WhiteElo "1656"]
[WhiteRD "120"]
[BlackElo "1226"]
[BlackRD "152"]
[GameID "31013"]

1. e4 d6 2. d4 Nf6 3. Bd3 Nbd7 4. Nc3 e5 5. dxe5 dxe5 6. Bg5 Be7 7. Bxf6 Bxf6 8. Nf3 O-O 9. b4 b6 10. Bb5 a6
11. Bxd7 Bxd7 12. h3 b5 13. Qd5 Qe7 14. a3 c6 15. Qd3 Rad8 16. Qe3 Be6 17. O-O Bc4 18. Rfd1 Rxd1+ 19. Rxd1 Qc7 20. Nb1 a5
21. h4 axb4 22. axb4 Be7 23. c3 Bb3 24. Re1 Rd8 25. Nbd2 Ba4 26. Rb1 c5 27. g3 c4 28. Nh2 Rd3 29. Qe2 Rxc3 30. Ndf3 Bb3
31. Ng4 f6 32. Ne3 Bxb4 33. Nd2 Bc5 34. Nd5 Rxg3+ 35. Kh2 Qa7 36. fxg3 Bd4 37. Nxb3 cxb3 38. Qxb5 Qa2+ 39. Kh3 Qxb1 40. Qe8#
1-0

[Event "2006 Standard Chess Dropout Tournament, Round 1"]
[Site "SchemingMind.com"]
[Date "2005.11.21"]
[Round "1"]
[White "Michael Preier"]
[Black "latvija"]
[Result "0-1"]
[WhiteCountry "GER"]
[BlackCountry "USA"]
[WhiteElo "1564"]
[WhiteRD "120"]
[BlackElo "2051"]
[BlackRD "102"]
[GameID "31014"]

1. e4 e5 2. Nf3 f5 3. Nc3 fxe4 4. Nxe5 Qf6 5. d4 d6 6. Ng4 Qg6 7. Be2 c6 8. d5 Nd7 9. O-O Be7 10. Qd4 Ngf6
11. dxc6 bxc6 12. Nxf6+ Nxf6 13. Qe3 O-O 14. Qg5 Qf7 15. Qg3 d5 16. Be3 Qe6 17. f3 Nh5 18. Qe1 Qe5 19. Qd2 Bd6 20. f4 Nxf4
21. Bxf4 Rxf4 22. Rxf4 Qxf4 23. Qxf4 Bxf4 24. Rf1 Be3+ 25. Kh1 Be6 26. Nd1 Bd2 27. c3 c5 28. b3 d4 29. cxd4 cxd4 30. Nb2 Rd8
31. Rd1 Bc3 32. Na4 Bb4 33. Nb2 Ba3 34. Nc4 Bf8 35. Re1 d3 36. Bd1 Bc5 37. Rxe4 Bd5 38. Re1 Rf8 39. h3 Bxc4 40. bxc4 d2
41. Re5 Rf1+ 42. Kh2 Bd6
0-1

[Event "2006 Standard Chess Dropout Tournament, Round 1"]
[Site "SchemingMind.com"]
[Date "2005.11.21"]
[Round "1"]
[White "Miquel_Anguís"]
[Black "mick"]
[Result "1-0"]
[WhiteCountry "ESP"]
[BlackCountry "USA"]
[WhiteElo "1519"]
[WhiteRD "121"]
[BlackElo "1656"]
[BlackRD "120"]
[GameID "31015"]

1. e4 e5 2. Nf3 d6 3. d4 Bg4 4. dxe5 Bxf3 5. gxf3 dxe5 6. Qxd8+ Kxd8 7. f4 Nd7 8. Bh3 Bd6 9. Bxd7 Kxd7 10. fxe5 Bxe5
11. f4 Bd4 12. Bd2 Bxb2 13. Bc3 Bxa1 14. Bxa1 f6 15. Rg1 g6 16. e5 Ke6 17. Nc3 c6 18. Ne4 Kd5 19. Nd6 b6 20. Nf7 Ne7
21. Nxh8 Rxh8 22. exf6 Nf5 23. Be5 Rf8 24. Kf2 Rf7 25. Rd1+ Kc4 26. Rd8 Kb4 27. Rc8 c5 28. Rc7 Rxc7 29. Bxc7 Nh6 30. Be5 Kc4
31. h4 Kd5 32. Kf3 Ke6 33. c4 Nf7 34. Bb8 a6 35. a4 Kd7 36. Kg4 Kc6 37. f5 Kd7 38. fxg6 hxg6 39. h5 gxh5+ 40. Kxh5 Ke6
41. Kg6 Nh8+ 42. Kg7 Nf7 43. Bc7
1-0

[Event "2006 Standard Chess Dropout Tournament, Round 1"]
[Site "SchemingMind.com"]
[Date "2005.11.21"]
[Round "1"]
[White "mkefeli"]
[Black "keen"]
[Result "1-0"]
[WhiteCountry "TUR"]
[BlackCountry "SCO"]
[WhiteElo "2067"]
[WhiteRD "138"]
[BlackElo "1684"]
[BlackRD "142"]
[GameID "31016"]

1. d4 b6 2. Nf3 Bb7 3. g3 Nf6 4. Bg2 e6 5. O-O Be7 6. c4 O-O 7. Nc3 d6 8. Qc2 Nbd7 9. e4 Re8 10. b4 c5
11. bxc5 bxc5 12. d5 exd5 13. cxd5 Nb6 14. a4 Ba6 15. Re1 Qd7 16. e5 Nfxd5 17. Nxd5 Nxd5 18. Ng5 Bxg5 19. Bxd5 Bb7 20. Bxb7 Qxb7
21. Bxg5
1-0

[Event "2006 Standard Chess Dropout Tournament, Round 1"]
[Site "SchemingMind.com"]
[Date "2005.11.24"]
[Round "1"]
[White "Mouse"]
[Black "Katarrov"]
[Result "0-1"]
[WhiteCountry "INT"]
[BlackCountry "ESP"]
[WhiteElo "1224"]
[WhiteRD "106"]
[BlackElo "2093"]
[BlackRD "104"]
[GameID "31017"]

1. d4 d5 2. Nf3 Nf6 3. Nc3 Bf5 4. Bg5 e6 5. Bxf6 Qxf6 6. g3 Be7 7. Bg2 O-O 8. O-O c5 9. dxc5 Bxc5 10. e3 Nc6
11. a3 Bg4 12. h3 Bh5 13. g4 Bg6 14. b4 Qxc3 15. Rc1 Be7 16. b5 Ne5 17. Nxe5 Qxe5 18. Qd2 Bxa3
0-1

[Event "2006 Standard Chess Dropout Tournament, Round 1"]
[Site "SchemingMind.com"]
[Date "2005.11.21"]
[Round "1"]
[White "naughtypawn"]
[Black "lumilinna"]
[Result "1/2-1/2"]
[WhiteCountry "ESP"]
[BlackCountry "FIN"]
[WhiteElo "1880"]
[WhiteRD "99"]
[BlackElo "1819"]
[BlackRD "71"]
[GameID "31018"]

1. e4 c5 2. Nf3 d6 3. d4 cxd4 4. Nxd4 Nf6 5. Nc3 g6 6. Be3 Bg7 7. Be2 Nc6 8. O-O O-O 9. Nb3 Be6 10. f4 Qc8
11. Kh1 Bg4 12. Qd2 Bxe2 13. Qxe2 Ng4 14. Bd2 Nd4 15. Nxd4 Bxd4 16. Nd5 Qd7 17. c3 Bg7 18. f5 Nf6 19. Bg5 Nxd5 20. exd5 Bf6
21. Bxf6 exf6 22. fxg6 fxg6 23. Qe6+ Qxe6 24. dxe6 Rae8 25. Rfe1 Re7 26. Rad1 Rd8= 27. Rd4 Kg7 28. g4 b5 29. a3 d5 30. a4 bxa4
31. Rxa4 Rd6 32. Kg1=
1/2-1/2

[Event "2006 Standard Chess Dropout Tournament, Round 1"]
[Site "SchemingMind.com"]
[Date "2005.11.21"]
[Round "1"]
[White "niallmcg"]
[Black "lea_dc"]
[Result "0-1"]
[WhiteCountry "IRL"]
[BlackCountry "ARG"]
[WhiteElo "1164"]
[WhiteRD "111"]
[BlackElo "1675"]
[BlackRD "93"]
[GameID "31020"]

1. Nf3 d5 2. Nc3 Nf6 3. e3 c5 4. d3 Nc6 5. Be2 e6 6. O-O Be7 7. Nh4 O-O 8. g3 b6 9. d4 e5 10. f4 exd4
11. exd4 Nxd4 12. Bd3 Bg4 13. Qe1 c4 14. Bg6 hxg6 15. Be3 Nxc2 16. Qd1 Bxd1
0-1

[Event "2006 Standard Chess Dropout Tournament, Round 1"]
[Site "SchemingMind.com"]
[Date "2005.11.21"]
[Round "1"]
[White "NimbleKnight"]
[Black "Mel"]
[Result "1-0"]
[WhiteCountry "USA"]
[BlackCountry "USA"]
[WhiteElo "1946"]
[WhiteRD "114"]
[BlackElo "1424"]
[BlackRD "94"]
[GameID "31021"]

1. e4 e5 2. Nf3 f6 3. Nxe5 g6 4. Nf3 d6 5. d4 Qe7 6. Nc3 Nc6 7. Bb5 Bd7 8. O-O Qf7 9. Re1 O-O-O 10. Bf4 g5
11. Be3 Bh6 12. a4 Kb8 13. a5 f5 14. Bxg5 Bxg5 15. Nxg5 Qg7 16. Nf3 f4 17. a6 Bg4 18. d5 Ne5 19. Be2 h5 20. axb7 h4
21. Nxe5 Bxe2 22. Qxe2 Qxe5 23. Qa6 Qd4 24. Nb5 Qb6 25. Qxa7+ Qxa7 26. Rxa7 Rd7 27. Rea1 Re7 28. Nd4
1-0

[Event "2006 Standard Chess Dropout Tournament, Round 1"]
[Site "SchemingMind.com"]
[Date "2005.11.21"]
[Round "1"]
[White "nodakindy"]
[Black "MartinFS"]
[Result "1-0"]
[WhiteCountry "USA"]
[BlackCountry "ARG"]
[WhiteElo "1332"]
[WhiteRD "151"]
[BlackElo "1518"]
[BlackRD "114"]
[GameID "31022"]

1. e4 e5 2. Nc3 Nf6 3. g3 d5 4. Bg2 d4 5. Nb1 Be7 6. h3 O-O 7. d3 Be6 8. Ne2 c5 9. O-O b5 10. f4 exf4
11. Nxf4 Nc6 12. Nxe6 fxe6 13. e5
1-0

[Event "2006 Standard Chess Dropout Tournament, Round 1"]
[Site "SchemingMind.com"]
[Date "2005.11.21"]
[Round "1"]
[White "norlavuaram"]
[Black "pattSir"]
[Result "0-1"]
[WhiteCountry "PER"]
[BlackCountry "GER"]
[WhiteElo "1872"]
[WhiteRD "98"]
[BlackElo "1929"]
[BlackRD "145"]
[GameID "31023"]

1. e4 e5 2. Nf3 Nc6 3. Bb5 a6 4. Ba4 Nf6 5. O-O Nxe4 6. d4 b5 7. Bb3 d5 8. dxe5 Be6 9. c3 Bc5 10. Nbd2 O-O
11. Bc2 Nxf2 12. Rxf2 f6 13. Nb3 Bxf2+ 14. Kxf2 fxe5 15. Kg1 Bg4 16. Qe1 Bxf3 17. gxf3 Rxf3 18. Bd1 Rf6 19. Kh1 Qd6 20. Bg5 Rf5
21. Bh4 Raf8 22. Be2 Ne7 23. Bg3 Ng6 24. Qd2 Nf4 25. Bg4 Rg5 26. Bf3 c6 27. Bh4 Rgf5 28. Bg4 R5f7 29. Bg3 Qg6 30. Bd1 Qe4+
0-1

[Event "2006 Standard Chess Dropout Tournament, Round 1"]
[Site "SchemingMind.com"]
[Date "2005.11.21"]
[Round "1"]
[White "PANDURANGAIAH"]
[Black "Kid A"]
[Result "0-1"]
[WhiteCountry "INT"]
[BlackCountry "FIN"]
[WhiteElo "1156"]
[WhiteRD "143"]
[BlackElo "1842"]
[BlackRD "74"]
[GameID "31027"]

1. e4 e5 2. Nf3 Nc6 3. Bc4 Nf6 4. d3 Bc5 5. h3 O-O 6. O-O d6 7. Bg5 Be6 8. Bxe6 fxe6 9. Bxf6 Qxf6 10. a3 a5
11. Nc3 Qg6 12. Kh2 Rf6 13. Qd2 h6 14. Ne2 Raf8 15. Neg1 Nd4 16. Rab1 a4 17. c3 Nxf3+ 18. Nxf3 Rxf3 19. gxf3 Rxf3 20. d4 Qh5
0-1

[Event "2006 Standard Chess Dropout Tournament, Round 1"]
[Site "SchemingMind.com"]
[Date "2005.11.21"]
[Round "1"]
[White "pattSir"]
[Black "Loverman"]
[Result "1-0"]
[WhiteCountry "GER"]
[BlackCountry "BEL"]
[WhiteElo "2043"]
[WhiteRD "109"]
[BlackElo "1441"]
[BlackRD "201"]
[GameID "31028"]

1. e4 e5 2. Bc4 Bc5 3. Nf3 Nc6 4. b4 Bxb4 5. c3 Bc5 6. d4 exd4 7. O-O Nf6 8. cxd4 Bb6 9. e5 Ng4 10. h3 Nh6
11. d5 Ne7 12. d6 cxd6 13. exd6 Nef5 14. g4 Nh4 15. Re1+ Kf8 16. g5
1-0

[Event "2006 Standard Chess Dropout Tournament, Round 1"]
[Site "SchemingMind.com"]
[Date "2005.11.21"]
[Round "1"]
[White "pedrinho"]
[Black "winkel"]
[Result "1-0"]
[WhiteCountry "GBR"]
[BlackCountry "DEN"]
[WhiteElo "2098"]
[WhiteRD "169"]
[BlackElo "2108"]
[BlackRD "72"]
[GameID "31032"]

1. e4 c5 2. Nf3 Nc6 3. Bb5 e5 4. O-O Nf6 5. Bxc6 dxc6 6. Nxe5 Bd6 7. Nf3 Bc7 8. d3 O-O 9. Bg5 Bg4 10. Re1 h6
11. Bh4 Re8 12. Nbd2 b5 13. h3 Bh5 14. a4 g5 15. Bg3 Bxg3 16. fxg3 g4 17. hxg4 Nxg4 18. Qc1 Qb6 19. a5 Qd8 20. Nf1 Qf6
21. Qf4 Rad8 22. Ne3 Qxf4 23. gxf4 Nxe3 24. Rxe3 Bxf3 25. Rxf3 c4 26. Kf2 Rd4 27. Rh1 cxd3 28. cxd3 Rb4 29. Rxh6 Rxb2+ 30. Kg1 Rb1+
31. Kh2 Kg7 32. Rxc6 Ra1 33. a6 Rd8 34. Rg3+ Kf8 35. f5 b4 36. f6
1-0

[Event "2006 Standard Chess Dropout Tournament, Round 1"]
[Site "SchemingMind.com"]
[Date "2005.11.21"]
[Round "1"]
[White "pjl1015"]
[Black "Scotty919"]
[Result "1-0"]
[WhiteCountry "USA"]
[BlackCountry "ENG"]
[WhiteElo "1572"]
[WhiteRD "232"]
[BlackElo "1322"]
[BlackRD "70"]
[GameID "31033"]

1. b4 Nc6 2. b5 Nb4 3. e4 Nf6 4. a3 Nxc2+ 5. Qxc2 h5 6. d4 e6 7. Nf3 d5 8. e5 Nd7 9. Bg5 Be7 10. Bxe7 Kxe7
11. Be2 Nb6 12. O-O a5 13. Nbd2 Kd7 14. Rfc1 f5 15. Ng5 Rg8 16. Nf7 Qf8 17. Qxc7+ Ke8 18. Nd6+
1-0

[Event "2006 Standard Chess Dropout Tournament, Round 1"]
[Site "SchemingMind.com"]
[Date "2005.11.21"]
[Round "1"]
[White "playarus21"]
[Black "Reddog"]
[Result "0-1"]
[WhiteCountry "USA"]
[BlackCountry "ENG"]
[WhiteElo "1731"]
[WhiteRD "79"]
[BlackElo "2020"]
[BlackRD "142"]
[GameID "31034"]

1. d4 Nf6 2. Nf3 d5 3. e3 e6 4. c4 dxc4 5. Bxc4 c5 6. Nc3 Be7 7. O-O O-O 8. dxc5 Bxc5 9. Bd2 Nc6 10. a3 e5
11. b4 Bd6 12. Ng5 Bg4 13. Bxf7+ Rxf7 14. Nxf7 Kxf7 15. f3 Be6 16. b5 Ne7 17. a4 Kg8 18. e4 Rc8 19. Qc2 Bb4 20. Kh1 Qd4
21. Rac1 Ba3 22. Rb1 Ng6 23. Rfd1 Nd7 24. Ra1 Be7 25. Be1 Qc4 26. Qe2 Qxe2 27. Nxe2 Nc5 28. Bb4 Nb3 29. Rab1 Bxb4 30. Rd3 Rc2
31. Rdxb3 Bxb3 32. Rxb3 Rxe2 33. h3 Be1 34. Rd3 Bg3 35. Rd1 Nh4
0-1

[Event "2006 Standard Chess Dropout Tournament, Round 1"]
[Site "SchemingMind.com"]
[Date "2005.11.21"]
[Round "1"]
[White "qhalid"]
[Black "Seravajan"]
[Result "1-0"]
[WhiteCountry "USA"]
[BlackCountry "SUI"]
[WhiteElo "1921"]
[WhiteRD "97"]
[BlackElo "1548"]
[BlackRD "120"]
[GameID "31035"]

1. c4 Nf6 2. Nc3 e6 3. e4 Nc6 4. Nf3 Be7 5. e5 Ng4 6. d4 O-O 7. h3 Nh6 8. Bxh6 gxh6 9. Qd2 Bg5 10. Qe2 b6
11. h4 Be7 12. d5 exd5 13. cxd5 Nb4 14. a3 Na6 15. d6 cxd6 16. Qe4 Rb8 17. Bd3 f5 18. exf6 Rxf6 19. Qxh7+ Kf8 20. Ng5 hxg5
21. hxg5 Re6+ 22. Kf1 Bf6 23. Qf5 Re5 24. Rh8+ Kf7 25. Qg6+ Ke6 26. Rxd8 Nc5 27. Qxf6#
1-0

[Event "2006 Standard Chess Dropout Tournament, Round 1"]
[Site "SchemingMind.com"]
[Date "2005.11.21"]
[Round "1"]
[White "Quirine"]
[Black "thinkfirst29"]
[Result "1-0"]
[WhiteCountry "NED"]
[BlackCountry "USA"]
[WhiteElo "1931"]
[WhiteRD "110"]
[BlackElo "1656"]
[BlackRD "70"]
[GameID "31036"]

1. d4 d5 2. Nf3 Nf6 3. c4 dxc4 4. Nc3 c6 5. e4 Bg4 6. Be3 Qa5 7. Qc2 b5 8. Ne5 e6 9. f3 Bh5 10. Be2 Bd6
11. O-O O-O 12. a4 Qb6 13. Bf2 Rc8 14. Bxc4 bxc4 15. Nxc4 Bxh2+ 16. Kxh2 Qc7+ 17. Bg3 Qe7 18. Rad1 c5 19. Bd6 Qd8 20. dxc5 Ng4+
21. fxg4 Qh4+ 22. Kg1 Bxg4 23. Rd3 f5 24. Ne5 Nc6 25. Nxc6 Rxc6 26. b4 a5 27. b5 Rxd6 28. Rxd6 Rf8 29. Qf2 Qg5 30. Qf4 Qg6
31. exf5 Rxf5 32. Rd8+ Kf7 33. Qc7+ Kf6 34. Ne4#
1-0

[Event "2006 Standard Chess Dropout Tournament, Round 1"]
[Site "SchemingMind.com"]
[Date "2005.11.21"]
[Round "1"]
[White "rabbit"]
[Black "timotheus4"]
[Result "1-0"]
[WhiteCountry "USA"]
[BlackCountry "USA"]
[WhiteElo "2016"]
[WhiteRD "78"]
[BlackElo "1419"]
[BlackRD "181"]
[GameID "31037"]

1. e4 e5 2. Nf3 Nc6 3. d4 exd4 4. Nxd4 Nxd4 5. Qxd4 c5 6. Qe5+ Qe7 7. Qxe7+ Bxe7 8. Nc3 Nf6 9. e5 Ng4 10. Nd5 Nxe5
11. Nc7+ Kd8 12. Nxa8 d6 13. Bb5 Bd7 14. a4 Bxb5 15. axb5 a6 16. bxa6 b6 17. Nxb6 Kc7 18. Nd5+ Kd7 19. a7 Ra8 20. Nb6+ Kc7
21. Nxa8+ Kb7 22. Nb6 Kxb6 23. a8=Q Nc6 24. Ra6+ Kb5 25. Qxc6+ Kc4 26. Ra4#
1-0

[Event "2006 Standard Chess Dropout Tournament, Round 1"]
[Site "SchemingMind.com"]
[Date "2005.11.21"]
[Round "1"]
[White "Raimondi"]
[Black "surfnsuds"]
[Result "1/2-1/2"]
[WhiteCountry "PER"]
[BlackCountry "USA"]
[WhiteElo "1715"]
[WhiteRD "63"]
[BlackElo "1365"]
[BlackRD "94"]
[GameID "31038"]

1. e4 e5 2. f4 exf4 3. Nf3 Nf6 4. e5 Qe7 5. Bc4 d5 6. Bb3 c6 7. O-O Ng4 8. d4 c5 9. Bxd5 cxd4 10. Bxf4 Qc5
11. Bb3 Nc6 12. Ng5 d3+ 13. Kh1 Nf2+ 14. Rxf2 Qxf2 15. Nxf7 Qxf4 16. Nxh8 Nxe5 17. cxd3 Bg4 18. Qg1 O-O-O 19. Nc3 Nxd3 20. Qxa7 Nf2+
21. Kg1 Nd3 22. Qa8+ Qb8 23. Qxb8+ Kxb8 24. Nf7 Re8 25. Ng5 Bc5+ 26. Kf1 Rf8+ 27. Nf3 Bxf3 28. gxf3 Rxf3+ 29. Kg2 Rf2+ 30. Kg3 Rxb2
31. Na4 Bf2+ 32. Kh3 g6 33. Nxb2 Nxb2 34. Rf1 Nd3 35. Kg2 Bc5 36. Rf7 h5 37. Rf6 Ne5 38. Bc2 Ng4 39. Re6 Ne3+ 40. Rxe3 Bxe3
41. Bxg6 h4 42. a4= Bc5 43. Be4 b6 44. Bc6 Kc7 45. Bb5 Be7 46. h3 Kd6 47. Kf3=
1/2-1/2

[Event "2006 Standard Chess Dropout Tournament, Round 1"]
[Site "SchemingMind.com"]
[Date "2005.11.21"]
[Round "1"]
[White "Reddog"]
[Black "willygor"]
[Result "1-0"]
[WhiteCountry "ENG"]
[BlackCountry "ARG"]
[WhiteElo "2010"]
[WhiteRD "127"]
[BlackElo "1646"]
[BlackRD "63"]
[GameID "31039"]

1. d4 Nf6 2. c4 e6 3. Nf3 Bb4+ 4. Nc3 Bxc3+ 5. bxc3 d6 6. Bg5 h6 7. Bh4 Nbd7 8. e3 e5 9. Be2 O-O 10. O-O e4
11. Nd2 Re8 12. f3 c6 13. Qc2 d5 14. cxd5 cxd5 15. fxe4 dxe4 16. Nxe4 Rxe4 17. Qxe4 g5 18. Bxg5 hxg5 19. Qf5 Qf8 20. Qxg5+ Qg7
21. Qh4 b6 22. Rf5 Nh7 23. Raf1 Bb7 24. e4 f6 25. Bc4+ Kf8 26. Rh5 Ng5 27. Rxg5
1-0

[Event "2006 Standard Chess Dropout Tournament, Round 1"]
[Site "SchemingMind.com"]
[Date "2005.11.21"]
[Round "1"]
[White "renegade"]
[Black "pjl1015"]
[Result "0-1"]
[WhiteCountry "ENG"]
[BlackCountry "USA"]
[WhiteElo "1622"]
[WhiteRD "89"]
[BlackElo "1711"]
[BlackRD "200"]
[GameID "31040"]

1. c4 e5 2. Nc3 Nf6 3. g3 Bc5 4. Bg2 Nc6 5. e3 O-O 6. Nge2 d6 7. d4 Bb6 8. d5 Nb8 9. O-O a6 10. Qd3 Qd7
11. b3 Qf5 12. e4 Qh5 13. h4 Ng4 14. Bf3 Nd7 15. b4 f5 16. exf5 Rxf5 17. Ne4 Nxf2 18. Rxf2 Rxf3 19. Qc2 Qf5 20. N2c3 Rxf2
21. Nxf2 Qxc2
0-1

[Event "2006 Standard Chess Dropout Tournament, Round 1"]
[Site "SchemingMind.com"]
[Date "2005.12.01"]
[Round "1"]
[White "Ron"]
[Black "Scramble Suit"]
[Result "0-1"]
[WhiteCountry "ENG"]
[BlackCountry "IRL"]
[WhiteElo "1019"]
[WhiteRD "109"]
[BlackElo "1522"]
[BlackRD "88"]
[GameID "31041"]

1. e4 e5 2. Nf3 Nc6 3. Bb5 Nd4 4. Nxd4 exd4 5. c3 c6 6. Bd3 Bc5 7. cxd4 Bxd4 8. O-O Nf6 9. Nc3 O-O 10. Ne2 Bb6
11. b3 Ng4
0-1

[Event "2006 Standard Chess Dropout Tournament, Round 1"]
[Site "SchemingMind.com"]
[Date "2005.11.23"]
[Round "1"]
[White "roscoe"]
[Black "Raimondi"]
[Result "0-1"]
[WhiteCountry "USA"]
[BlackCountry "PER"]
[WhiteElo "1397"]
[WhiteRD "92"]
[BlackElo "1681"]
[BlackRD "64"]
[GameID "31042"]

1. Nf3 Nf6 2. g3 d5 3. Bg2 Bf5 4. O-O c6 5. d3 e6 6. c4 Be7 7. Nbd2 Nbd7 8. Re1 O-O 9. e4 Bg6 10. a4 Nc5
11. Qc2 a5 12. Ne5 Nfd7 13. Nxg6 fxg6 14. b3 Nf6 15. exd5 exd5 16. cxd5 Nxd5 17. Qc4 Kh8 18. Bb2 Nf6 19. d4 Na6 20. Ba3 Bxa3
21. Rxa3 Nc7 22. b4 Nfd5 23. b5 cxb5 24. axb5 Qd6 25. Rf3 b6 26. Rxf8+ Rxf8 27. Ne4 Qb4 28. Qxb4 Nxb4 29. Rc1 Ncd5 30. Ng5 h6
31. Bxd5 Nxd5 32. Ne6 Rf6 33. Rc8+ Kh7 34. Nf4 Nxf4 35. gxf4 Rxf4 36. Rb8 Rxd4 37. Rxb6 Rb4 38. Kg2 a4 39. Rb8 a3 40. Ra8 Rxb5
41. Rxa3 h5 42. h4 g5 43. Kg3 Kg6 44. f4 gxf4+ 45. Kxf4 Rf5+ 46. Kg3 Re5
0-1

[Event "2006 Standard Chess Dropout Tournament, Round 1"]
[Site "SchemingMind.com"]
[Date "2005.11.21"]
[Round "1"]
[White "Ryan"]
[Black "playarus21"]
[Result "1-0"]
[WhiteCountry "NED"]
[BlackCountry "USA"]
[WhiteElo "2038"]
[WhiteRD "99"]
[BlackElo "1731"]
[BlackRD "79"]
[GameID "31044"]

1. e4 c5 2. Nf3 Nc6 3. d4 cxd4 4. Nxd4 g6 5. Be2 Bg7 6. Be3 Nf6 7. Nc3 O-O 8. O-O Nxd4 9. Bxd4 d6 10. f4 a5
11. Bf3 Be6 12. Qe2 Rc8 13. b3 Nh5 14. Bxg7 Nxg7 15. Nd1 Rc5 16. c4 Bd7 17. Ne3 Qb6 18. Kh1 Rfc8 19. Nd5 Qd8 20. Qf2 e6
21. Ne3 Qc7 22. Rad1 Bc6 23. Ng4 Kh8 24. Nf6 Qe7 25. e5 Bxf3 26. Qxf3 dxe5 27. fxe5 Rxe5 28. g4 Rd8 29. Qf4 Rxd1 30. Rxd1 Re2
31. Rd7 e5 32. Rxe7 Re1+ 33. Kg2 exf4 34. Rxe1 Ne6 35. Rxe6 fxe6 36. Nd7 g5 37. Nc5
1-0

[Event "2006 Standard Chess Dropout Tournament, Round 1"]
[Site "SchemingMind.com"]
[Date "2005.11.21"]
[Round "1"]
[White "sansubari"]
[Black "Zarra"]
[Result "0-1"]
[WhiteCountry "MAS"]
[BlackCountry "FIN"]
[WhiteElo "1638"]
[WhiteRD "76"]
[BlackElo "1584"]
[BlackRD "94"]
[GameID "31045"]

1. d4 Nf6 2. Bf4 d5 3. c3 Bf5 4. Qb3 b6 5. Nf3 e6 6. Bg5 Nbd7 7. e3 Be7 8. Qb5 O-O 9. Nbd2 h6 10. Bh4 Ne8
11. Bxe7 Qxe7 12. Bd3 Nd6 13. Qa6 Nb8 14. Qa4 Bxd3 15. Ne5 Bb5 16. Qc2 Nd7 17. Nef3 Nf6 18. a4 Ba6
0-1

[Event "2006 Standard Chess Dropout Tournament, Round 1"]
[Site "SchemingMind.com"]
[Date "2005.11.21"]
[Round "1"]
[White "Scotty919"]
[Black "rabbit"]
[Result "0-1"]
[WhiteCountry "ENG"]
[BlackCountry "USA"]
[WhiteElo "1322"]
[WhiteRD "70"]
[BlackElo "2016"]
[BlackRD "78"]
[GameID "31048"]

1. e4 e5 2. Nf3 Nc6 3. Bc4 Bc5 4. Nc3 Nf6 5. O-O d6 6. Re1 a6 7. g3 O-O 8. a3 Bg4 9. d3 Nd4 10. Re3 b5
11. Ba2 Nxc2 12. Rb1 Nxe3 13. fxe3 Qd7 14. Qf1 Bb6 15. Nd2 Bxe3+ 16. Kh1 Bd4 17. Ne2 Bh3 18. Qf3 Bb6 19. Ng1 Bxg1 20. Kxg1 Qg4
21. b4 Qxf3 22. Nxf3 a5 23. Rb2 axb4 24. axb4 Be6 25. Bxe6 fxe6 26. Ng5 Ng4 27. h3 Ra1 28. Rc2 Ne3 29. Rxc7 Rf1+ 30. Kh2 Ra2+
0-1

[Event "2006 Standard Chess Dropout Tournament, Round 1"]
[Site "SchemingMind.com"]
[Date "2005.11.21"]
[Round "1"]
[White "Scramble Suit"]
[Black "simon_w"]
[Result "0-1"]
[WhiteCountry "IRL"]
[BlackCountry "IRL"]
[WhiteElo "1565"]
[WhiteRD "94"]
[BlackElo "1601"]
[BlackRD "96"]
[GameID "31049"]

1. d4 d5 2. Nf3 Nf6 3. Bg5 e6 4. e3 Be7 5. c4 h6 6. Bf4 Bb4+ 7. Nbd2 dxc4 8. Qa4+ Nc6 9. Bxc4 O-O 10. O-O a6
11. Qd1 b5 12. Bd3 Nd5 13. g3 Nxf4 14. exf4 e5 15. Nxe5 Nxd4 16. Ndf3 Bh3 17. Nd2 Bxd2 18. Qxd2 f6 19. Qe3 fxe5 20. Rfe1 Qf6
21. fxe5 Qf3 22. Be4 Qxe3 23. fxe3 Nf3+ 24. Bxf3 Rxf3 25. Rac1 Raf8 26. e6 Re8 27. Rxc7 Rxe6 28. Rc3 Ref6 29. Rcc1 Rf2 30. e4 Rg2+
31. Kh1 Rff2 32. e5 Rxh2+ 33. Kg1 Rfg2+ 34. Kf1 Rh1#
0-1

[Event "2006 Standard Chess Dropout Tournament, Round 1"]
[Site "SchemingMind.com"]
[Date "2005.11.21"]
[Round "1"]
[White "Seravajan"]
[Black "toguints"]
[Result "1-0"]
[WhiteCountry "SUI"]
[BlackCountry "PHI"]
[WhiteElo "1528"]
[WhiteRD "109"]
[BlackElo "1453"]
[BlackRD "80"]
[GameID "31050"]

1. c4 e5 2. Nc3 Nc6 3. d3 Bb4 4. Bd2 d6 5. Nd5 Bxd2+ 6. Qxd2 Nd4 7. e3 Nc6 8. Be2 Nf6 9. Bf3 Be6 10. Nxf6+ Qxf6
11. a3 O-O 12. Ne2 Bf5 13. Ng3 g6 14. Nxf5 Qxf5 15. Be4 Qd7 16. b4 Nd8 17. a4 c6 18. b5 f5 19. bxc6 Nxc6 20. Bd5+ Kg7
21. O-O b6 22. Qb2 Kh6 23. Qb5 Rac8 24. Rfb1 Rfe8 25. h3 g5 26. Kh2 e4 27. d4 a5 28. Qxb6 Rb8 29. Qxc6 Qe7 30. Qa6 f4
31. Qxa5 Qf6 32. Bc6 Rxb1 33. Rxb1 Rc8 34. Qa6 Rc7 35. Bxe4 Qe6 36. Bd5 Qf5 37. e4 Qf6 38. Qb6 Rg7 39. f3 Qe7 40. e5 Rg6
41. Be4 Re6 42. Bf5 Rf6 43. exf6 Qxf6 44. Be4 Qxd4 45. Qxd4
1-0